Warenkunde und Industrielehre

Saved in:
Bibliographic Details
Format: Book
Language:German
Published: Zürich Rascher & Cie. 1921
Tags: Add Tag
No Tags, Be the first to tag this record!

MARC

LEADER 00000nam a2200000 4500
001 0307354
005 20250227115237.9
041 0 |a ger 
044 |a CH 
245 1 0 |a Warenkunde und Industrielehre  |c Ernst Rüst 
264 1 |a Zürich  |b Rascher & Cie.  |c 1921